000 01213nam a2200301 i 4500
001 182508
003 ES-MaACL
005 20251114131554.0
008 130910s2012 sp | |||||||| | spa d
020 _a978-84-616-1034-1
040 _cES-MaACL
080 _a821.134.2-92"19"
100 1 _aCunqueiro, Álvaro,
_d1911-1981
_942188
245 1 5 _a"Los días" en "La noche" :
_b(Santiago de Compostela, 1959-1962) /
_cÁlvaro Cunqueiro ; edición de Luis Alonso Girgado, Lorena Domínguez Mallo ; colaboración de Anastasio Iglesias Blanco.
260 _aSangiago de Compostela :
_bFollas Novas,
_c[2012]
300 _a448 p. ;
_c24 cm.
490 1 _aColección Fonseca. Filología ;
_v8
500 _aÍndices.
500 _aRecoge los artículos de la serie "Los días" publicados por el autor en el diario "La noche"
700 1 _aAlonso Girgado, Luis,
_d1946-
_920332
700 1 _aDomínguez Mallo, Lorena
_9153377
700 1 _aIglesias Blanco, Anastasio Santos
_9153378
830 0 _aColección Fonseca. Filología
_9191758
852 _aES-MaACL
_jA-12896
_cHEM
_9189420
_bR. 149069
942 _cMONOGRAFIA
_n0
999 _c182508
_d182508